Básnik Karol Strmeň v mojej pamäti

Bibliographic Details
Main Author: Ferenčíková, Adriana, 1940- (Author)
Format: Article
Language:Slovak
ISSN:1335-3470
Subjects:

MARC

LEADER 00000nab a2200000 a 4500
001 vtls000767857
003 SK-MaSNL
005 20260303174438.0
008 140512c2001 xo 0 slo
015 |a SNBRB2001/09-26022 
035 |a CLN000119644 
040 |a SNKBUCL  |b slo  |c SNKBUCL  |e AACR2 
041 0 |a slo 
044 |a xo  |c SK 
080 |a 82:929:885.4 (73)  |2 1997 
080 |a 885.4 (73):929  |2 1997 
080 |a 929 Strmeň, Karol  |2 1997 
100 1 |a Ferenčíková, Adriana,  |d 1940-  |4 aut  |9 108156 
245 1 0 |a Básnik Karol Strmeň v mojej pamäti  |c Adriana Ferenčíková 
600 1 7 |a Strmeň, Karol,  |d 1921-1994  |2 snkbucl  |9 112747 
655 7 |a články z novín a časopisov  |2 snkbucl  |9 267496 
773 0 |t Kultúra  |g Roč. 4, č. 16-17 (2001), s. 16  |x 1335-3470 
850 |a Slovenská národná knižnica v Martine 
852 |a SNK  |b KIS3GCP 
958 |a SK 
958 |a LX 
958 |a BX 
992 |a RBX 
999 |c 2096713  |d 2098643